| 000 | 00811nam a2200241 i 4500 | ||
|---|---|---|---|
| 001 | 27835 | ||
| 003 | ES-MaACL | ||
| 005 | 20250929063057.0 | ||
| 007 | t| | ||
| 008 | 030115s1969 sp ||||1| spa d | ||
| 100 | 1 |
_aBabin, Pierre, _d1925-2012 _924418 |
|
| 245 | 1 | 3 |
_aLa Iglesia y el mundo hoy / _cPierre Babin, J. P. Bagot y B. Champeaux ; [versión dirigida por José Manuel Estepa Llaurens]. |
| 260 |
_aMadrid : _bMarova, _c[1969] |
||
| 300 |
_a124 p. ; _c22 cm. |
||
| 490 | 1 | _aColección "Mundo y Fe" | |
| 650 | 1 | 4 |
_aIglesia y mundo. _9136257 |
| 700 | 1 |
_aEstepa Llaurens, José Manuel. _948112 |
|
| 700 | 1 |
_aBagot, Jean Pierre. _924642 |
|
| 700 | 1 |
_aChampeaux, B. _937913 |
|
| 830 | 0 |
_aColección "Mundo y Fe" _9229233 |
|
| 852 |
_aES-MaACL _jC-36769 _bR.70831 |
||
| 999 |
_c27835 _d27835 |
||